| 000 | 00511nam a22001697a 4500 | ||
|---|---|---|---|
| 999 |
_c17587 _d17587 |
||
| 003 | AR-CdUCM | ||
| 008 | 190509b ||||| |||| 00| 0 spa d | ||
| 040 |
_aMUNICIPALIDAD PROVINCIAL DEL CUSCO _cBIBLIOTECA MUNICIPAL DEL CUSCO |
||
| 082 |
_a869.56 / _bS21 |
||
| 100 |
_aSanchez, Luis Alberto _91008 |
||
| 245 | _aIndianismo e indigenismo en la literatura peruana / | ||
| 260 |
_aLima : _bMosca Azul, _c1981. |
||
| 300 |
_a66 páginas ; _c17 cm. |
||
| 505 | _aLiteratura. | ||
| 942 |
_2ddc _cLIBROS |
||
| 945 | _awfj | ||